| 000 | 00842nam a2200217 a 4500 | ||
|---|---|---|---|
| 003 | 0 | ||
| 005 | 20250301090325.0 | ||
| 008 | 100902s19uu xx 00 eng d | ||
| 050 |
_aPGS SH 365.5.S25 _b.C142 2010 |
||
| 100 | _aCalara, Francheska Vittoria N. | ||
| 245 |
_aThe effects of Salmonella in mussel production in Bacoor Bay / _cFrancheska Vittoria N. Calara. |
||
| 260 |
_aLas Piñas City, Philippines : _bSouthville International School and Colleges, _c2010. |
||
| 300 |
_a38 pages : _billustrations ; _c28 cm. |
||
| 504 | _aIncludes bibliographical references. | ||
| 650 |
_aMussels _vEffect of Salmonella on growth. |
||
| 650 |
_aMussel culture _zPhilippines—Bacoor Bay. |
||
| 650 | _aSalmonella in shellfish. | ||
| 650 | _aShellfish—Contamination. | ||
| 650 | _aFoodborne pathogens in aquaculture. | ||
| 942 |
_2lcc _cPASS |
||
| 999 |
_c98332 _d98332 |
||